000 00250 a2200109 4500
001 68540
040 _cAnchieta - Itaigara
240 1 0 _aA escola da Tia Maristela
_l
245 1 0 _aA escola da Tia Maristela
650 4 _aLiteratura infantil
942 _cMU
999 _c68540
_d68540